| 000 | 00504nam a2200193 a 4500 | ||
|---|---|---|---|
| 005 | 20140412111234.0 | ||
| 008 | 000829s19uu xx 00 eng d | ||
| 020 | _a0-7496-1589-3 | ||
| 050 |
_aREF 030 _bFi44Bi 1994 |
||
| 100 | _aGaneri, Anita | ||
| 245 |
_aFirst starts animals : _cAnita Ganeri. _bbirds / |
||
| 260 |
_aLondon : _bWatts Books, _c1994. |
||
| 300 | _a32 p. | ||
| 440 | _aFirst Starts Animals | ||
| 500 | _aIncludes index | ||
| 650 | _aSciences | ||
| 650 | _aBirds | ||
| 999 |
_c102338 _d102338 |
||